| 000 | 00459nam a22001577a 4500 | ||
|---|---|---|---|
| 020 | _a9789332542600 | ||
| 040 | _cNUST | ||
| 082 | _a621.3815 BOY | ||
| 100 |
_aBoylestad, Robert L. _983339 |
||
| 110 |
_aNashelsky, Louis _991781 |
||
| 245 | _aElectronic Devices and Circuit Theory | ||
| 250 | _a11th Edition | ||
| 260 |
_aNew Delhi: _bPearson Education, _c2016. |
||
| 650 |
_aDEE TEXTBOOK. ELECTRONIC DEVICES AND CIRCUIT THEORY _991782 |
||
| 942 |
_2ddc _cTEXT |
||
| 999 |
_c589911 _d589911 |
||